00851nam a22002417a 4500999001900000005001700019010001500036020002600051035001400077037001300091082001200104100001900116245009500135260005000230270008900280300002200369500002000391700001800411700001800429700001400447942002600461952012200487 c168553d16855320191015121138.0 aENG-126660 a9789353434861c799.00 aEN-110192 bDBAD/PUB a530.141 aInan, Umran S. aEngineering electromagnetics and waves /cby Umran S.Inan, Aziz S. Inan [and] Ryan k. Said aNoidabPearson India Education Servicesc2019 a15th Floor, Tower-B, World Trade Tower, Plot No.1bBlock-C, Sector-16, Noidae201301 a1007p.c24cm(pbk) aIncludes index aInan, Aziz S. aSaid, Ryan K. aSethi, R. 2ddccENh530.141mINA 001040708NFICaAVbAVd2019-10-15eDBAD/PUBg799.00l0o530.141 INApEN-110192r2019-10-15 00:00:00t1v799.00yEN